[Event "bosnjaci18"]
[Site "Bosnjaci"]
[Date "2018.01.07"]
[Round "7.21"]
[White "Klasan, Elvis"]
[Black "Nikic, Patrick"]
[Result "0-1"]
[WhiteElo "1898"]
[BlackElo "1989"]
[PlyCount "74"]
[EventDate "2018.??.??"]

1. d4 Nf6 2. Nf3 e6 3. Bf4 c5 4. c3 d5 5. dxc5 Bxc5 6. e3 O-O 7. Bd3 Nc6 8. O-O
Re8 9. Ne5 Bd6 10. Nxc6 bxc6 11. Bxd6 Qxd6 12. Nd2 e5 13. c4 Rb8 14. cxd5 cxd5
15. Nb3 Qb4 16. Qe1 Qh4 17. f3 Qh6 18. e4 Be6 19. exd5 Bxd5 20. Rf2 e4 21. fxe4
Ng4 22. h3 Nxf2 23. Qxf2 Bxe4 24. Bxe4 Rxe4 25. Qxa7 Rbe8 26. Rf1 Qg6 27. Nd4
h5 28. Nf3 Qg3 29. Qf2 Qc7 30. Ng5 Re2 31. Qxf7+ Qxf7 32. Rxf7 R2e5 33. Rf1 Re2
34. Nf7 Rxb2 35. Ng5 Ree2 36. Nf3 Rxg2+ 37. Kh1 Rxa2 0-1

[Event "bosnjaci18"]
[Site "Bosnjaci"]
[Date "2018.01.07"]
[Round "7.22"]
[White "Borzan, Andrej"]
[Black "Blazeka, Mihaela"]
[Result "1/2-1/2"]
[WhiteElo "1750"]
[BlackElo "1984"]
[PlyCount "91"]
[EventDate "2018.??.??"]

1. d4 Nf6 2. c4 e6 3. Nc3 Bb4 4. Qc2 b6 5. Bg5 Bb7 6. Nf3 h6 7. Bh4 g5 8. Bg3
Ne4 9. e3 Bxc3+ 10. bxc3 d6 11. Bd3 f5 12. h3 Nxg3 13. fxg3 Nd7 14. e4 Qe7 15.
O-O-O fxe4 16. Bxe4 O-O-O 17. Bxb7+ Kxb7 18. Rhe1 Rde8 19. Qa4 Qg7 20. Re3 Re7
21. Rde1 Rhe8 22. Qb5 c6 23. Qb4 c5 24. Qb5 a6 25. Qa4 d5 26. Kc2 Qg6+ 27. Kc1
cxd4 28. Nxd4 e5 29. cxd5 Nc5 30. Qc6+ Qxc6 31. Nxc6 Rd7 32. c4 e4 33. Kd2 b5
34. Kc3 Rc8 35. Rf1 Na4+ 36. Kb4 Nb6 37. Na5+ Ka7 38. Rxe4 bxc4 39. Nxc4 Nxd5+
40. Kb3 Rb7+ 41. Ka3 Nc3 42. Nd6 Rc6 43. Nxb7 Nxe4 44. Na5 Rc3+ 45. Kb4 Rxg3
46. Rf7+ 1/2-1/2

[Event "bosnjaci18"]
[Site "Bosnjaci"]
[Date "2018.01.07"]
[Round "7.23"]
[White "Samblic, Silvano"]
[Black "Tomljenovic, Mile"]
[Result "1-0"]
[WhiteElo "2015"]
[BlackElo "1800"]
[PlyCount "41"]
[EventDate "2018.??.??"]

1. e4 e5 2. Nf3 Nf6 3. Nc3 Nc6 4. d4 exd4 5. Nxd4 Bb4 6. Bg5 Bxc3+ 7. bxc3 Qe7
8. f3 O-O 9. Bc4 h6 10. Bh4 d6 11. O-O Be6 12. Bd3 Ne5 13. f4 Bg4 14. fxe5 Bxd1
15. exf6 Qd7 16. fxg7 Rfe8 17. Raxd1 Qg4 18. Nf5 Re6 19. h3 Qh5 20. g4 Qg6 21.
e5 1-0

[Event "bosnjaci18"]
[Site "Bosnjaci"]
[Date "2018.01.07"]
[Round "7.24"]
[White "Fridl, Miroslav"]
[Black "Mezak, Damir"]
[Result "1-0"]
[WhiteElo "1989"]
[BlackElo "1738"]
[PlyCount "55"]
[EventDate "2018.??.??"]

1. c4 Nf6 2. Nc3 g6 3. g3 Bg7 4. Bg2 O-O 5. e4 d6 6. Nge2 e5 7. d3 Nc6 8. O-O
h5 9. Bg5 Qe8 10. Bxf6 Bxf6 11. Nd5 Bd8 12. f4 f5 13. Qd2 Kg7 14. Rae1 Nd4 15.
Nxd4 exd4 16. exf5 Qf7 17. fxg6 Qxg6 18. Be4 Bf5 19. Qf2 c5 20. Qf3 h4 21. Bxf5
Qxf5 22. g4 Qf7 23. f5 Bg5 24. Re6 Rg8 25. f6+ Kh8 26. Qf5 Rae8 27. Rxe8 Rxe8
28. Qxg5 1-0

[Event "bosnjaci18"]
[Site "Bosnjaci"]
[Date "2018.01.08"]
[Round "8.1"]
[White "Jovanovic, Zoran"]
[Black "Muha, Miljenko"]
[Result "1/2-1/2"]
[WhiteElo "2535"]
[BlackElo "2371"]
[PlyCount "84"]
[EventDate "2018.??.??"]

1. e4 e6 2. d4 d5 3. Nc3 Bb4 4. exd5 exd5 5. Bd3 Ne7 6. Nge2 Bf5 7. O-O O-O 8.
Ng3 Bg6 9. Nce2 Bd6 10. Bf4 c6 11. Re1 Qc7 12. Qd2 Nd7 13. Bxd6 Qxd6 14. Qf4
Qxf4 15. Nxf4 Rae8 16. Nxg6 hxg6 17. h4 Nc8 18. f3 Nd6 19. Kf2 Rxe1 20. Rxe1
Re8 21. Rxe8+ Nxe8 22. Ne2 Kf8 23. g4 Ndf6 24. Ke3 Nc7 25. g5 Ng8 26. f4 Ne7
27. Ng3 Ne8 28. f5 gxf5 29. Nxf5 Nxf5+ 30. Bxf5 g6 31. Bd3 Ke7 32. b3 Ng7 33.
c3 Ne6 34. Be2 f6 35. gxf6+ Kxf6 36. Bg4 b6 37. Bxe6 Kxe6 38. Kf4 Kf6 39. Kg4
Kf7 40. Kg5 a5 41. b4 a4 42. a3 b5 1/2-1/2

[Event "bosnjaci18"]
[Site "Bosnjaci"]
[Date "2018.01.08"]
[Round "8.2"]
[White "Kovacevic, Blazimir"]
[Black "Radovanovic, Nikola"]
[Result "1/2-1/2"]
[WhiteElo "2486"]
[BlackElo "2441"]
[PlyCount "81"]
[EventDate "2018.??.??"]

1. c4 Nf6 2. Nc3 g6 3. g3 Bg7 4. Bg2 O-O 5. e4 d6 6. Nge2 e5 7. O-O c6 8. d3
Be6 9. h3 Ne8 10. Be3 Nc7 11. Qd2 d5 12. cxd5 cxd5 13. d4 Nc6 14. Rfd1 exd4 15.
Nxd4 Nxd4 16. Bxd4 dxe4 17. Nxe4 Qxd4 18. Qxd4 Bxd4 19. Rxd4 Rad8 20. Ra4 a6
21. Rc1 Nd5 22. Nc5 Bc8 23. Rd1 Nc7 24. Rxd8 Rxd8 25. Nxb7 Bxb7 26. Bxb7 Rb8
27. Bxa6 Nxa6 28. Rxa6 Rxb2 29. g4 Kg7 30. a4 Ra2 31. Kg2 Ra3 32. Ra7 g5 33. a5
h6 34. a6 Kg6 35. Ra8 Kg7 36. Kh2 Rf3 37. Kg2 Ra3 38. a7 Kh7 39. f3 Ra2+ 40.
Kf1 Kg7 41. Kg1 1/2-1/2

[Event "bosnjaci18"]
[Site "Bosnjaci"]
[Date "2018.01.08"]
[Round "8.3"]
[White "Cabarkapa, Novak"]
[Black "Sertic, Rudolf"]
[Result "1-0"]
[WhiteElo "2441"]
[BlackElo "2365"]
[PlyCount "51"]
[EventDate "2018.??.??"]

1. b3 e5 2. Bb2 Nc6 3. Nf3 e4 4. Nd4 Nxd4 5. Bxd4 d5 6. e3 Qg5 7. h4 Qg6 8. c4
dxc4 9. h5 Qg5 10. Nc3 c5 11. Nxe4 Qf5 12. Bxg7 Qxe4 13. Bxh8 f6 14. h6 Be6 15.
Bg7 Bd6 16. Bxc4 Bxc4 17. bxc4 Qxc4 18. Qh5+ Kd7 19. Qf5+ Kc6 20. Qxh7 Qg4 21.
Qd3 Be5 22. Rb1 Qxg2 23. Qb5+ Kc7 24. Qxb7+ Qxb7 25. Rxb7+ Kxb7 26. h7 1-0

[Event "bosnjaci18"]
[Site "Bosnjaci"]
[Date "2018.01.08"]
[Round "8.4"]
[White "Tomas, Ante"]
[Black "Zaja, Ivan"]
[Result "1/2-1/2"]
[WhiteElo "2124"]
[BlackElo "2454"]
[PlyCount "145"]
[EventDate "2018.??.??"]

1. d4 Nf6 2. Bg5 Ne4 3. Bf4 c5 4. d5 Qb6 5. Nd2 Qxb2 6. Nxe4 Qb4+ 7. c3 Qxe4 8.
e3 g5 9. f3 Qf5 10. Bg3 Bg7 11. Rc1 Be5 12. Bd3 Bxg3+ 13. hxg3 Qxd5 14. c4 Qe5
15. Kf2 Nc6 16. f4 Qf6 17. Qd2 d6 18. Nf3 gxf4 19. gxf4 Bf5 20. Rb1 Bxd3 21.
Qxd3 O-O-O 22. Rb5 Qg6 23. Qb3 Rd7 24. Rb1 b6 25. a4 Rg8 26. g4 Nb4 27. a5 Rb7
28. axb6 axb6 29. Ra1 Qc2+ 30. Qxc2 Nxc2 31. Ra8+ Rb8 32. Rxb8+ Kxb8 33. Rxb6+
Kc7 34. Rb2 Nb4 35. Kg3 f6 36. Rh2 Rg7 37. g5 Nc6 38. Kg4 e6 39. Rh6 f5+ 40.
Kg3 Re7 41. Rf6 Nb4 42. Kf2 Nd3+ 43. Ke2 Nb2 44. Nd2 Kc6 45. Rf8 d5 46. cxd5+
Kxd5 47. Rd8+ Kc6 48. Rc8+ Rc7 49. Re8 c4 50. Rxe6+ Kb5 51. Nb1 c3 52. Re5+ Kb4
53. Nxc3 Kxc3 54. Rxf5 Nc4 55. Kf3 Re7 56. Rc5 Rxe3+ 57. Kg4 Re7 58. Kh5 Kd4
59. Rf5 Nd6 60. Ra5 Re2 61. Kh6 Rh2+ 62. Kg7 Ke4 63. Ra6 Nf5+ 64. Kf6 Nd4 65.
Ra4 Rc2 66. f5 Rc6+ 67. Kg7 Rc7+ 68. Kh6 Ke5 69. Rxd4 Kxd4 70. g6 hxg6 71. fxg6
Ke5 72. g7 Rxg7 73. Kxg7 1/2-1/2

[Event "bosnjaci18"]
[Site "Bosnjaci"]
[Date "2018.01.08"]
[Round "8.5"]
[White "Tica, Sven"]
[Black "Blagojevic, Marijan"]
[Result "1-0"]
[WhiteElo "2441"]
[BlackElo "2145"]
[PlyCount "81"]
[EventDate "2018.??.??"]

1. d4 Nf6 2. c4 e6 3. g3 d5 4. Bg2 dxc4 5. Nf3 Bb4+ 6. Bd2 a5 7. Qc2 Bxd2+ 8.
Qxd2 c6 9. a4 Ne4 10. Qf4 Qb6 11. O-O Qxb2 12. Ne5 O-O 13. Na3 Nc3 14. Qe3
Nxe2+ 15. Kh1 Nc3 16. Naxc4 Qb4 17. Rfc1 Nd5 18. Bxd5 exd5 19. Nd3 Qxc4 20.
Rxc4 dxc4 21. Nf4 Na6 22. Qc3 Nb4 23. Qxc4 Re8 24. Qc5 Be6 25. Kg1 Nd5 26. Nd3
Rec8 27. Re1 b6 28. Qd6 h6 29. h4 Nc3 30. Nf4 Nxa4 31. Nxe6 fxe6 32. Rxe6 b5
33. Re7 Kh8 34. Qg6 Rg8 35. Qxc6 Rab8 36. d5 b4 37. Qxa4 b3 38. Re1 b2 39. Rb1
Rgc8 40. Qa3 Rc2 41. d6 1-0

[Event "bosnjaci18"]
[Site "Bosnjaci"]
[Date "2018.01.08"]
[Round "8.6"]
[White "Mrkonjic, Nenad"]
[Black "Mican, Mato"]
[Result "1-0"]
[WhiteElo "2345"]
[BlackElo "1938"]
[PlyCount "171"]
[EventDate "2018.??.??"]

1. c4 e5 2. Nc3 Nf6 3. g3 Nc6 4. Bg2 Be7 5. d3 d6 6. e3 O-O 7. Nge2 Ng4 8. Nd5
f5 9. b4 Bg5 10. h3 Nf6 11. f4 Bh6 12. Bb2 Nxd5 13. Bxd5+ Kh8 14. b5 Nb8 15.
Bg2 Nd7 16. O-O Qe7 17. Qd2 Nf6 18. a4 Rb8 19. fxe5 Nd7 20. d4 Re8 21. Qd3 dxe5
22. Rxf5 exd4 23. Bxd4 Bxe3+ 24. Bxe3 Qxe3+ 25. Qxe3 Rxe3 26. Kf2 Re7 27. Rd1
g6 28. Rfd5 Kg7 29. Nf4 Nb6 30. Rd8 Ra8 31. a5 Nxc4 32. a6 Nd6 33. axb7 Nxb7
34. Rxc8 Rxc8 35. Bxb7 Rf8 36. Bf3 Rf5 37. Rd5 Rf8 38. Rc5 Kh6 39. h4 Rd7 40.
Rc6 Rd2+ 41. Be2 Rf7 42. Ra6 Rf5 43. Ke3 Rb2 44. Rxa7 Rb3+ 45. Kf2 Rb2 46. Kf3
Rc5 47. Bd3 Rb3 48. Ke4 Rb4+ 49. Ke3 Re5+ 50. Kf3 Rc5 51. Ra6 Rb3 52. Ke4 Rb4+
53. Ke3 Re5+ 54. Kf3 Rb3 55. h5 Rxh5 56. Nxh5 Rxd3+ 57. Kg4 Rb3 58. Nf4 Rxb5
59. Rc6 Rb7 60. Nd5 Rb5 61. Nxc7 Rb4+ 62. Kh3 Rb7 63. Nd5 Rb5 64. Nf6 Kg7 65.
Ne4 Rf5 66. Rc7+ Kg8 67. Kg4 h6 68. Nc5 Rg5+ 69. Kh3 Rh5+ 70. Kg2 Re5 71. Nd3
Rf5 72. Nf2 h5 73. Ne4 h4 74. g4 Rf4 75. Nf2 h3+ 76. Kg3 Rb4 77. Nxh3 Rb3+ 78.
Kh4 Rb5 79. Ng5 Rb6 80. Ne4 Rb5 81. Nc5 Rb6 82. Kg5 Rd6 83. Ne4 Rd4 84. Kxg6
Kf8 85. Rf7+ Ke8 86. Nf6+ 1-0

[Event "bosnjaci18"]
[Site "Bosnjaci"]
[Date "2018.01.08"]
[Round "8.7"]
[White "Goric, Esad"]
[Black "Ascic, Pero"]
[Result "1/2-1/2"]
[WhiteElo "2263"]
[BlackElo "2323"]
[PlyCount "22"]
[EventDate "2018.??.??"]

1. Nf3 d5 2. d4 Nf6 3. g3 Nbd7 4. Bg2 e6 5. c4 c6 6. Qc2 Be7 7. O-O O-O 8. b3
b6 9. Bb2 Bb7 10. cxd5 cxd5 11. Nbd2 Bc8 1/2-1/2

[Event "bosnjaci18"]
[Site "Bosnjaci"]
[Date "2018.01.08"]
[Round "8.8"]
[White "Petrusic, Toni"]
[Black "Babic, Zvonko"]
[Result "1/2-1/2"]
[WhiteElo "2278"]
[BlackElo "2221"]
[PlyCount "25"]
[EventDate "2018.??.??"]

1. e4 e5 2. Nf3 Nc6 3. Bb5 a6 4. Ba4 Nf6 5. O-O b5 6. Bb3 d6 7. c3 Be7 8. Re1
O-O 9. h3 Re8 10. Ng5 Rf8 11. Nf3 Re8 12. Ng5 Rf8 13. Nf3 1/2-1/2

[Event "bosnjaci18"]
[Site "Bosnjaci"]
[Date "2018.01.08"]
[Round "8.9"]
[White "Jelecevic, Ivo"]
[Black "Klasan, Vladimir"]
[Result "0-1"]
[WhiteElo "2102"]
[BlackElo "2389"]
[PlyCount "124"]
[EventDate "2018.??.??"]

1. e4 d5 2. exd5 Qxd5 3. Nc3 Qd6 4. d4 Nf6 5. Nf3 c6 6. h3 Bf5 7. Bd3 Bxd3 8.
Qxd3 Nbd7 9. O-O e6 10. Bg5 Qc7 11. Ne4 Be7 12. Rfe1 h6 13. Bh4 Qd8 14. Nxf6+
Nxf6 15. Ne5 O-O 16. Rad1 Qc7 17. Qf3 Rad8 18. b3 Qa5 19. Ng4 Nd5 20. Bxe7 Nxe7
21. Qf4 Nf5 22. Re5 Qc3 23. Rd3 Qxc2 24. Qe4 Qc1+ 25. Kh2 Rfe8 26. Rf3 Rxd4 27.
Qxf5 exf5 28. Rxe8+ Kh7 29. Rxf5 Rf4 30. Rfe5 f5 31. g3 Rf3 32. Nf6+ Kg6 33.
Kg2 Rd3 34. Ng8 Rd1 35. Ne7+ Kh7 36. Nxf5 Rg1+ 37. Kf3 Qd1+ 38. Re2 Re1 39. g4
Qd5+ 40. Kf4 Rxe2 41. Rxe2 Qd3 42. Re7 Qd2+ 43. Kg3 Qxa2 44. Rxg7+ Kh8 45. Rxb7
Qa6 46. Rd7 Qc8 47. Rd6 Qb8 48. Kh4 Qxb3 49. Rxh6+ Kg8 50. Rxc6 a5 51. Kg5 a4
52. Kf6 Qf7+ 53. Kg5 Qb3 54. Kf6 Qb2+ 55. Kg6 Qb7 56. Rc3 Qa6+ 57. Kg5 a3 58.
Rf3 Kh7 59. Re3 a2 60. Re7+ Kg8 61. Re8+ Kf7 62. Re7+ Kf8 0-1

[Event "bosnjaci18"]
[Site "Bosnjaci"]
[Date "2018.01.08"]
[Round "8.10"]
[White "Stocko, Josip"]
[Black "Ascic, Anto"]
[Result "1/2-1/2"]
[WhiteElo "2308"]
[BlackElo "2122"]
[PlyCount "76"]
[EventDate "2018.??.??"]

1. e4 e5 2. Nf3 Nc6 3. Bc4 Nf6 4. d3 Be7 5. O-O O-O 6. Re1 d6 7. a4 Na5 8. Ba2
c5 9. c3 Nc6 10. Na3 Be6 11. Bxe6 fxe6 12. Bd2 Qe8 13. b4 cxb4 14. cxb4 Nd4 15.
Nxd4 exd4 16. Nb5 Qg6 17. h3 e5 18. Rc1 a6 19. Nc7 Rac8 20. Qb3+ Qf7 21. Qxf7+
Kxf7 22. Rc4 Nd7 23. Nd5 Rxc4 24. dxc4 Rc8 25. Rc1 Bd8 26. Kf1 b6 27. Ke2 Ke6
28. g3 a5 29. Kd3 axb4 30. Bxb4 Ra8 31. Ra1 Nc5+ 32. Bxc5 bxc5 33. Kc2 Kd7 34.
f4 g6 35. fxe5 dxe5 36. g4 Ke6 37. Ra3 Ra7 38. Ra1 Ba5 1/2-1/2

[Event "bosnjaci18"]
[Site "Bosnjaci"]
[Date "2018.01.08"]
[Round "8.11"]
[White "Caric, Mato"]
[Black "Bobanac, Miro"]
[Result "0-1"]
[WhiteElo "2075"]
[BlackElo "2297"]
[PlyCount "131"]
[EventDate "2018.??.??"]

1. e4 c5 2. Nf3 e6 3. d4 cxd4 4. Nxd4 a6 5. Be3 Qc7 6. Bd3 b5 7. O-O Bb7 8. Nd2
Nf6 9. f4 Nc6 10. c3 Na5 11. Qe2 Nc4 12. Nxc4 bxc4 13. Bxc4 Nxe4 14. Bd3 Be7
15. Kh1 O-O 16. Nf3 f5 17. Nd2 a5 18. Bd4 Nf6 19. Nc4 Nd5 20. Qf2 Ba6 21. Ne5
Bf6 22. Bxa6 Rxa6 23. Nd3 Qc4 24. Nc5 Bxd4 25. cxd4 Ra7 26. b3 Qb5 27. Rac1 Rc7
28. a4 Qb6 29. Rc4 Qd6 30. Qd2 Nb4 31. Qc3 Ra7 32. Qe3 Qd5 33. Qe5 Kf7 34. Re1
Re8 35. Qxd5 Nxd5 36. g3 d6 37. Nd3 Rb8 38. Rb1 Rab7 39. Nc1 Ke7 40. Kg1 Kd7
41. Kf2 Nb6 42. Rc2 Nd5 43. Rc4 Rb4 44. Rxb4 Rxb4 45. Ne2 e5 46. dxe5 dxe5 47.
fxe5 Ke6 48. Nc1 Nc3 49. Ra1 Kd5 50. Nd3 Rxb3 51. Nf4+ Kxe5 52. Kg2 Ne4 53. Rd1
g5 54. Rd5+ Kf6 55. Nd3 Ra3 56. Nb2 Ra2 57. Rb5 Nc3 58. Rb6+ Ke5 59. Kg1 Nxa4
60. Rb5+ Ke4 61. Rxa5 Rxb2 62. Rxa4+ Kf3 63. Ra3+ Kg4 64. Ra5 h6 65. Ra6 h5 66.
Rg6 0-1

[Event "bosnjaci18"]
[Site "Bosnjaci"]
[Date "2018.01.08"]
[Round "8.12"]
[White "Ivekovic, Tihana"]
[Black "Popovic, Milan S"]
[Result "1/2-1/2"]
[WhiteElo "2161"]
[BlackElo "2264"]
[PlyCount "61"]
[EventDate "2018.??.??"]

1. d4 Nf6 2. c4 g6 3. Nc3 Bg7 4. e4 d6 5. Nf3 O-O 6. Be2 e5 7. O-O Nc6 8. d5
Ne7 9. Ne1 Nd7 10. Nd3 f5 11. Bd2 Nf6 12. f3 f4 13. c5 g5 14. cxd6 cxd6 15. Nb5
Ng6 16. Rc1 Rf7 17. Nf2 Ne8 18. Qb3 h5 19. a4 Bf8 20. Rc2 a6 21. Na3 Bd7 22.
Rfc1 Nf6 23. h3 Nh4 24. Be1 b6 25. Rc7 Bxa4 26. Qxb6 Rb8 27. Qa7 Ra8 28. Qb7
Rb8 29. Qa7 Ra8 30. Qb7 Rb8 31. Qa7 1/2-1/2

[Event "bosnjaci18"]
[Site "Bosnjaci"]
[Date "2018.01.08"]
[Round "8.13"]
[White "Ljikar, Zoran"]
[Black "Mahmutbegovic, Muharem"]
[Result "0-1"]
[WhiteElo "2192"]
[BlackElo "2033"]
[PlyCount "50"]
[EventDate "2018.??.??"]

1. e4 c5 2. Nc3 d6 3. g3 Nc6 4. Bg2 g6 5. d3 Bg7 6. Be3 e5 7. f4 Nge7 8. Nf3
Nd4 9. O-O O-O 10. h3 f5 11. Qd2 Bd7 12. Nd5 Nxd5 13. exd5 Nxf3+ 14. Bxf3 exf4
15. Bxf4 Bxb2 16. Bxd6 Bxa1 17. Bxc5 Be5 18. Bxf8 Qxf8 19. g4 Qc5+ 20. Kg2 Qd4
21. gxf5 Bxf5 22. Rb1 Qh4 23. Rxb7 Qxh3+ 24. Kf2 Bd4+ 25. Ke2 Re8+ 0-1

[Event "bosnjaci18"]
[Site "Bosnjaci"]
[Date "2018.01.08"]
[Round "8.14"]
[White "Nikic, Patrick"]
[Black "Karabaic, Ivan"]
[Result "0-1"]
[WhiteElo "1989"]
[BlackElo "2182"]
[PlyCount "52"]
[EventDate "2018.??.??"]

1. e4 d5 2. exd5 Qxd5 3. Nc3 Qd6 4. d4 Nf6 5. Nf3 c6 6. g3 Bf5 7. Bf4 Qb4 8.
Bd3 Bg4 9. Bd2 Bxf3 10. Qxf3 Qxd4 11. O-O-O Nbd7 12. Bf4 Qb6 13. Rhe1 e6 14. g4
Bb4 15. Bc4 Qc5 16. Bxe6 fxe6 17. Rxe6+ Kd8 18. g5 Qc4 19. Re3 Nd5 20. Nxd5
cxd5 21. Rxd5 Rc8 22. Rxd7+ Kxd7 23. Qg4+ Kc6 24. Re6+ Kb5 25. a4+ Kxa4 26. c3
Rhd8 0-1

[Event "bosnjaci18"]
[Site "Bosnjaci"]
[Date "2018.01.08"]
[Round "8.15"]
[White "Boban, Sten"]
[Black "Grubisic, Ivica"]
[Result "1-0"]
[WhiteElo "2083"]
[BlackElo "1942"]
[PlyCount "65"]
[EventDate "2018.??.??"]

1. d4 d5 2. Nf3 c6 3. c4 Nf6 4. Nc3 dxc4 5. g3 e6 6. Bg2 Nbd7 7. O-O Be7 8. Qc2
O-O 9. Rd1 Nb6 10. Ne5 Qc7 11. Ne4 Nxe4 12. Bxe4 f5 13. Bg2 Bd7 14. a4 a5 15.
Bd2 Bf6 16. Nxc4 Nxc4 17. Qxc4 Kh8 18. Bf4 Qb6 19. Rab1 Be7 20. Rd3 Bb4 21. Be5
Rac8 22. g4 Be7 23. gxf5 exf5 24. b4 axb4 25. Rg3 Bf6 26. Rxb4 Qd8 27. Rxb7 Qe8
28. Qc5 Qe6 29. a5 Bxe5 30. dxe5 g6 31. a6 Ra8 32. a7 Rfd8 33. Rd3 1-0

[Event "bosnjaci18"]
[Site "Bosnjaci"]
[Date "2018.01.08"]
[Round "8.17"]
[White "Blazeka, Djuro"]
[Black "Zlatarevic, Ivan"]
[Result "1/2-1/2"]
[WhiteElo "1847"]
[BlackElo "2025"]
[PlyCount "54"]
[EventDate "2018.??.??"]

1. e4 e5 2. Nf3 Nc6 3. Bc4 Bc5 4. c3 Nf6 5. d4 exd4 6. cxd4 Bb4+ 7. Bd2 Bxd2+
8. Nbxd2 d5 9. exd5 Nxd5 10. Qb3 Nce7 11. O-O O-O 12. Rfe1 Nb6 13. Bd3 Ned5 14.
Ne4 Nf4 15. Bc2 Be6 16. Qb4 h6 17. Nc5 Bd5 18. Be4 Rb8 19. Bxd5 Nbxd5 20. Qa3
b6 21. Nd3 Nxd3 22. Qxd3 Qd6 23. Qf5 Rfe8 24. Re5 Rxe5 25. dxe5 Qe6 26. Qxe6
fxe6 27. Nd4 Re8 1/2-1/2

[Event "bosnjaci18"]
[Site "Bosnjaci"]
[Date "2018.01.08"]
[Round "8.18"]
[White "Perci, Franjo"]
[Black "Samblic, Silvano"]
[Result "0-1"]
[WhiteElo "1711"]
[BlackElo "2015"]
[PlyCount "94"]
[EventDate "2018.??.??"]

1. e4 c6 2. d4 d5 3. exd5 cxd5 4. Nc3 g6 5. Nf3 Bg7 6. h3 a6 7. Bd3 Nc6 8. Be2
Nf6 9. Be3 O-O 10. a3 Ne4 11. Nxe4 dxe4 12. Nd2 Bxd4 13. c3 Bxe3 14. fxe3 Qb6
15. Nc4 Qc5 16. O-O Be6 17. b4 Qg5 18. h4 Qxh4 19. Rf4 Qg3 20. Rxe4 b5 21. Nb2
Bf5 22. Rf4 Qxe3+ 23. Rf2 Rad8 24. Qc1 Qxc1+ 25. Rxc1 Rd2 26. Bf3 Rxf2 27. Kxf2
Ne5 28. Bb7 Bc8 29. Bxc8 Rxc8 30. Ke3 Nc4+ 31. Nxc4 Rxc4 32. Kd3 e5 33. a4 e4+
34. Kc2 f5 35. axb5 axb5 36. Rd1 Rc7 37. Rd8+ Kg7 38. Rb8 f4 39. Rxb5 f3 40.
gxf3 exf3 41. Ra5 f2 42. Ra1 Rf7 43. Rf1 g5 44. Kd2 g4 45. b5 g3 46. Ke2 g2 47.
Rxf2 g1=Q 0-1

[Event "bosnjaci18"]
[Site "Bosnjaci"]
[Date "2018.01.08"]
[Round "8.19"]
[White "Trepsic, Zvonimir"]
[Black "Duda, Daniel"]
[Result "0-1"]
[WhiteElo "1710"]
[BlackElo "1997"]
[PlyCount "80"]
[EventDate "2018.??.??"]

1. e4 c5 2. Nf3 d6 3. d4 cxd4 4. Nxd4 Nf6 5. f3 g6 6. Nc3 Bg7 7. Be3 Nc6 8. Qd2
O-O 9. O-O-O d5 10. Nxc6 bxc6 11. exd5 Nxd5 12. Nxd5 cxd5 13. Qxd5 Rb8 14. Qxd8
Bxb2+ 15. Kb1 Bd4+ 16. Kc1 Bxe3+ 17. Qd2 Bxd2+ 18. Rxd2 Be6 19. a4 Ba2 20. Bb5
a6 21. c3 axb5 22. Rxa2 Rfc8 23. Kd2 bxa4 24. Rc1 Rc4 25. Ra3 Kg7 26. Kd3 Rbc8
27. Re1 Kf6 28. Re4 Rxe4 29. fxe4 Ra8 30. Kd4 Ke6 31. c4 Kd6 32. c5+ Kc6 33.
Kc4 Ra5 34. Kb4 Rxc5 35. Rxa4 Rc2 36. Ra6+ Kd7 37. Ra7+ Ke6 38. Ra6+ Ke5 39.
Ra7 Kf6 40. e5+ Ke6 0-1

[Event "bosnjaci18"]
[Site "Bosnjaci"]
[Date "2018.01.08"]
[Round "8.20"]
[White "Dejanovic, Tereza"]
[Black "Fridl, Miroslav"]
[Result "0-1"]
[WhiteElo "1779"]
[BlackElo "1989"]
[PlyCount "138"]
[EventDate "2018.??.??"]

1. e4 c5 2. c3 Nf6 3. e5 Nd5 4. d4 cxd4 5. Nf3 Nc6 6. cxd4 d6 7. Bc4 Nb6 8. Bb5
a6 9. Bxc6+ bxc6 10. exd6 Qxd6 11. O-O Bg4 12. Nbd2 e6 13. b3 Be7 14. Bb2 O-O
15. Qe1 Qd5 16. Qe5 Bxf3 17. Nxf3 f6 18. Qe3 a5 19. Rfe1 Kf7 20. Re2 Rfe8 21.
Ne1 a4 22. Nd3 Bd6 23. bxa4 Nc4 24. Qh3 Rxa4 25. Qxh7 Nxb2 26. Nxb2 Rxd4 27. h4
Rb8 28. g3 Rdb4 29. Nd1 Qd4 30. Qh5+ Kg8 31. Rc1 Rb1 32. Rxb1 Rxb1 33. Re1 Qd5
34. Qg4 Kf7 35. h5 Qf5 36. Qxf5 exf5 37. Rf1 f4 38. g4 Be5 39. Ne3 Rb2 40. Nc4
Rxa2 41. Nxe5+ fxe5 42. g5 Ra7 43. Rc1 Rc7 44. Kg2 Ke6 45. Kf3 Kf5 46. Rc5 Re7
47. h6 g6 48. Rxc6 e4+ 49. Ke2 Kxg5 50. h7 Rxh7 51. Re6 Kf5 52. Re8 Rh2 53. Ke1
g5 54. Kf1 Rh6 55. Ke2 Re6 56. Rf8+ Kg4 57. Ra8 Rb6 58. Ra2 Rb3 59. Rc2 e3 60.
fxe3 Rxe3+ 61. Kf2 Rh3 62. Rc4 Rh2+ 63. Kg1 Ra2 64. Rc5 Kh4 65. Rf5 Ra4 66. Kf2
g4 67. Rf8 Ra2+ 68. Kf1 Kg3 69. Rb8 Ra3 0-1

[Event "bosnjaci18"]
[Site "Bosnjaci"]
[Date "2018.01.08"]
[Round "8.21"]
[White "Blazeka, Mihaela"]
[Black "Causevic, Miro"]
[Result "1-0"]
[WhiteElo "1984"]
[BlackElo "1644"]
[PlyCount "77"]
[EventDate "2018.??.??"]

1. e4 c5 2. Nf3 Nc6 3. Bb5 Nd4 4. Nxd4 cxd4 5. c3 Qb6 6. Qe2 g6 7. cxd4 Qxd4 8.
Nc3 Bg7 9. O-O a6 10. Bc4 e6 11. d3 b5 12. Be3 Qd6 13. Bb3 h5 14. Rac1 Nh6 15.
h3 O-O 16. d4 Bb7 17. Rfd1 Rac8 18. d5 Qb8 19. Rd3 Kh7 20. Rcd1 e5 21. d6 f5
22. f3 fxe4 23. fxe4 Rf6 24. Bg5 Rff8 25. Be7 Rfe8 26. Qf2 Qa8 27. Nd5 Bxd5 28.
Bxd5 Qb8 29. Rg3 Rf8 30. Bxf8 Rxf8 31. Qe3 h4 32. Rf3 Bf6 33. Rdf1 Qd8 34. Qa7
Nf5 35. exf5 g5 36. Rc1 e4 37. Bxe4 Re8 38. Rc7 Kh6 39. Rxd7 1-0

[Event "bosnjaci18"]
[Site "Bosnjaci"]
[Date "2018.01.08"]
[Round "8.22"]
[White "Golubicic, Luka"]
[Black "Borzan, Andrej"]
[Result "1/2-1/2"]
[WhiteElo "1954"]
[BlackElo "1750"]
[PlyCount "83"]
[EventDate "2018.??.??"]

1. b3 Nc6 2. Bb2 e5 3. e3 d5 4. Bb5 Bd6 5. f4 f6 6. fxe5 fxe5 7. Bxc6+ bxc6 8.
Bxe5 Qh4+ 9. g3 Qe4 10. Bxg7 Qxh1 11. Qh5+ Kd8 12. Kf2 Nh6 13. Qxh6 Re8 14. Nf3
Qc1 15. Qf6+ Kd7 16. Qf5+ Kd8 17. Qxh7 Ba6 18. Qh3 c5 19. a4 Qxc2 20. Nc3 Qd3
21. Re1 Rb8 22. Bf6+ Be7 23. Bxe7+ Rxe7 24. Qh8+ Re8 25. Qf6+ Kc8 26. Nxd5 Qxd5
27. Qxa6+ Rb7 28. Qc4 Qd6 29. Rc1 Rf8 30. Rc2 Qc6 31. e4 Qf6 32. Rc3 Qd6 33.
Rd3 Qe7 34. Qd5 Kb8 35. Kg2 Rb4 36. Ne5 Rb6 37. Nc6+ Rxc6 38. Qxc6 Qf7 39. Qb5+
Kc8 40. Qa6+ Kb8 41. Qb5+ Kc8 42. Qa6+ 1/2-1/2

[Event "bosnjaci18"]
[Site "Bosnjaci"]
[Date "2018.01.08"]
[Round "8.23"]
[White "Kovac, Petar"]
[Black "Dabic, Stjepan"]
[Result "0-1"]
[WhiteElo "1577"]
[BlackElo "1949"]
[PlyCount "120"]
[EventDate "2018.??.??"]

1. d4 Nf6 2. c4 g6 3. Nc3 Bg7 4. e4 d6 5. f3 O-O 6. Be3 c5 7. d5 Nbd7 8. Nge2
Ne5 9. Ng3 h5 10. Be2 e6 11. O-O h4 12. Nh1 exd5 13. cxd5 h3 14. g4 a6 15. a4
Re8 16. g5 Nh7 17. f4 Nd7 18. Bd3 Ndf8 19. Qf3 Bd7 20. Nf2 Qc8 21. f5 gxf5 22.
exf5 Rxe3 23. Qxe3 Bxf5 24. Bxf5 Qxf5 25. Nxh3 Qg6 26. Kh1 Nd7 27. Qe4 Bxc3 28.
Qxg6+ fxg6 29. bxc3 Ne5 30. Rab1 Rb8 31. a5 Nc4 32. Ra1 Kg7 33. Rg1 Nf8 34. Nf4
Nd7 35. Ne6+ Kg8 36. h4 b5 37. axb6 Rxb6 38. Nc7 a5 39. Ra4 Nde5 40. Rf1 Rb3
41. Rf6 Rxc3 42. h5 Rh3+ 43. Kg2 Rxh5 44. Rxg6+ Nxg6 45. Rxc4 Rxg5+ 46. Kf1 Ne7
47. Ra4 Nxd5 48. Nxd5 Rxd5 49. Rxa5 Re5 50. Ra4 d5 51. Ra5 d4 52. Ra4 d3 53.
Rg4+ Kf7 54. Rg2 c4 55. Rd2 Ke6 56. Rd1 Kd5 57. Rd2 Kd4 58. Ra2 c3 59. Ra4+ Ke3
60. Rc4 Kd2 0-1

[Event "bosnjaci18"]
[Site "Bosnjaci"]
[Date "2018.01.08"]
[Round "8.24"]
[White "Kobas, Mihael"]
[Black "Baturina, Marin"]
[Result "1-0"]
[WhiteElo "1980"]
[BlackElo "1559"]
[PlyCount "76"]
[EventDate "2018.??.??"]

1. d4 d5 2. c4 dxc4 3. e3 Nf6 4. Bxc4 e6 5. Nf3 c5 6. O-O Nc6 7. Nc3 b6 8. d5
exd5 9. Nxd5 Nxd5 10. Qxd5 Qxd5 11. Bxd5 Bb7 12. Ne5 Nxe5 13. Bxb7 Rb8 14. Bd5
Bd6 15. f4 Ng6 16. e4 f6 17. Bd2 Rf8 18. Rae1 Kd7 19. g3 Rbe8 20. Bc3 Re7 21.
Re2 Rfe8 22. Rfe1 Kc7 23. Bc4 Kb7 24. a4 a6 25. b3 h6 26. Kf2 Ka7 27. Kf3 Kb7
28. Bd3 Re6 29. Kg4 Kc6 30. Bxa6 Nh8 31. Bb5+ Kc7 32. Bxe8 Rxe8 33. e5 fxe5 34.
Bxe5 Bxe5 35. Rxe5 Rxe5 36. Rxe5 Kd6 37. Kf5 h5 38. Re6+ Kc7 1-0